LEADER 01077nam a2200253 i 4500 001 000000042079 003 CaOOAMICUS 005 20090520000000.0 008 090520s1907 xx u000 u fre u 013 $a13249 040 $aSeMil$bita 100 1 $aVaux, Carra : de.$0(OLS)http://semarc/name/20759 245 10$aLeibniz /$cCarra : Vaux de. 260 $aParis :$bBloud & C.,$c1907. 300 $a62 p. ;$c19 cm. 490 0 $aScience et religion : études pour le temps présent 490 0 $aScience et religion. Philosophes et penseurs ;$v422 600 14$aLeibniz, Gottfried Wilhelm : von <1646-1716>.$0(OLS)http://semarc/subject/8954 830 0$aScience et religion. Études pour le temps présent.$0(OLS)http://semarc/title/26183 830 0$aScience et religion. Philosophes et penseurs ;$v422.$0(OLS)http://semarc/title/28278 850 $aSeMil 852 $aSeMil$W1$xVenegono$y1$m2A II 62$j8234$B8234$CSeMilBibl$Z2$F8234 $81 996 $6245$aLeibniz$9(OLS)http://semarc/title/61239 996 $6260$aParis :$bBloud & C.$9(OLS)http://semarc/publisher/30330 LEADER 00946nam a2200241 i 4500 001 000000110066 003 CaOOAMICUS 005 20240821141553.0 008 170623s2015 it u000 u ita u 020 $a978-88-06-22156-0 040 $aSeMil$bita 100 1 $aRobinson, Marilynne,$d<1943- >.$0(OLS)http://semarc/name/92978 240 10$aLila.$0(OLS)http://semarc/title/407491 245 10$aLila /$cMarilynne Robinson ; traduzione di Eva Kampmann. 260 $aTorino :$bEinaudi,$c2015. 300 $a273 p. ;$c23 cm. 700 1 $aKampmann, Eva.$0(OLS)http://semarc/name/53228 850 $aSeMil 852 $aSeMil$W1$xVenegono$y1$m1V V 256$j65989$B65989$CSeMilBibl$Z2$F73078 $Hnull $81 996 $6020$a978-88-06-22156-0$9(OLS)http://semarc/number/273187 996 $6245$aLila$9(OLS)http://semarc/title/407490 996 $6260$aTorino :$bEinaudi$9(OLS)http://semarc/publisher/29884